<?xml version="1.0" encoding="UTF-8"?>
<marc:record xmlns:marc="http://www.loc.gov/MARC21/slim">
   <marc:leader>00000nam a2200000 a 4500</marc:leader>
   <marc:datafield ind1="1" ind2=" " tag="100">
      <marc:subfield code="a">Celli, Daniela</marc:subfield>
      <marc:subfield code="4">aut</marc:subfield>
      <marc:subfield code="e">Verfasser/-in</marc:subfield>
   </marc:datafield>
   <marc:datafield ind1="1" ind2=" " tag="100">
      <marc:subfield code="a">Re, Laura</marc:subfield>
      <marc:subfield code="4">aut</marc:subfield>
      <marc:subfield code="e">Verfasser/-in</marc:subfield>
   </marc:datafield>
   <marc:datafield ind1="0" ind2="0" tag="245">
      <marc:subfield code="a">Für kleine Entdecker - Venedig</marc:subfield>
   </marc:datafield>
   <marc:datafield ind1="0" ind2="0" tag="245">
      <marc:subfield code="c">Daniela Celli ; Laura Re</marc:subfield>
   </marc:datafield>
   <marc:datafield ind1=" " ind2="1" tag="264">
      <marc:subfield code="a">Mailand</marc:subfield>
      <marc:subfield code="b">White Star Kids</marc:subfield>
      <marc:subfield code="c">2026</marc:subfield>
   </marc:datafield>
   <marc:datafield ind1="1" ind2=" " tag="490">
      <marc:subfield code="a">Für kleine Entdecker</marc:subfield>
   </marc:datafield>
   <marc:datafield ind1="1" ind2=" " tag="520">
      <marc:subfield code="a">Zwei Reiseführer, konzipiert für junge Reisende und ihre Familien, verwandeln die Entdeckung von Venedig und Athen in ein interaktives und spannendes Abenteuer. Diese neuen Titel sind Teil einer erfolgreichen Reiseführer-Reihe für Kinder. Sie präsentieren einfache und unterhaltsame Reiserouten sowohl für Kinder als auch für Erwachsene, um zwei der einzigartigsten Städte der Welt rundum zu genießen und Historisches, Mythen, Legenden und spannende Aktivitäten zu erkunden. - Venedig: Eine Tour über Brücken, durch Kanäle und zu Inseln. Erzählt wird über den Karneval, die Geschichte der Stadt und ihre verborgenen Geheimnisse. - Athen: Eine Reise ins Herz der Mythologie, mit Göttern, Helden und archäologischen Sehenswürdigkeiten, die man nicht verpassen sollte.</marc:subfield>
   </marc:datafield>
   <marc:datafield ind1=" " ind2=" " tag="020">
      <marc:subfield code="a">9788863127768</marc:subfield>
      <marc:subfield code="9">9788863127768</marc:subfield>
   </marc:datafield>
   <marc:datafield ind1=" " ind2=" " tag="020">
      <marc:subfield code="a">886312776X</marc:subfield>
      <marc:subfield code="9">886312776X</marc:subfield>
   </marc:datafield>
   <marc:datafield ind1=" " ind2=" " tag="300">
      <marc:subfield code="a">46 S.</marc:subfield>
   </marc:datafield>
</marc:record>
